|
|
|
|
| LEADER |
01446cam a2200349 7i4500 |
| 001 |
0000008162 |
| 005 |
20251230090000.0 |
| 020 |
|
|
|a 9789678919838 (pbk.)
|
| 020 |
|
|
|a 9678914557
|
| 020 |
|
|
|a 9789678914550
|
| 090 |
0 |
0 |
|a KPG1536.A311952
|b M57 2009
|
| 110 |
1 |
|
|a Malaysia
|
| 240 |
1 |
0 |
|a Malaysian laws on poisons and sale of drugs
|
| 245 |
1 |
0 |
|a Malaysian laws on poisons and sale of drugs
|c compiled by: Legal Research Board.
|
| 260 |
|
|
|a Petaling Jaya:
|b International Law Book Services,
|c 2004-.
|
| 300 |
|
|
|a 1 v. (various pagings);
|c 24 cm.
|
| 490 |
0 |
|
|a Laws of Malaysia
|
| 500 |
|
|
|a Library has : As at 5th February 2004, As at 20th March 2009
|
| 650 |
0 |
0 |
|a Medical --
|x Laws and legislation --
|z Malaysia
|
| 650 |
0 |
0 |
|a Poisons --
|x Law and legislation --
|z Malaysia
|
| 650 |
0 |
0 |
|a Drugs --
|x Law and legislation --
|z Malaysia
|
| 710 |
2 |
|
|a Legal Research Board
|
| 997 |
|
|
|a Health Sciences, Faculty
|
| 998 |
|
|
|a Medical Laboratory Technology, Degree
|
| 998 |
|
|
|a Medical Laboratory Technology, Diploma
|
| 999 |
|
|
|a 0000010895
|b BOK
|c ACTS
|e 1st Floor, Shah Alam
|
| 999 |
|
|
|a 0000010896
|b BOK
|c ACTS
|e Ground Floor, Bestari Jaya
|
| 999 |
|
|
|a 0000010897
|b BOK
|c ACTS
|e 2nd Floor, Shah Alam
|
| 999 |
|
|
|a 0000011802
|b BOK
|c ACTS
|e Ground Floor, Bestari Jaya
|
| 999 |
|
|
|a 0000040192
|b BOK
|c ACTS
|e 2nd Floor, Shah Alam
|
| 999 |
|
|
|a 0000040193
|b BOK
|c ACTS
|e 2nd Floor, Shah Alam
|
| 999 |
|
|
|a 0000040194
|b BOK
|c ACTS
|e 2nd Floor, Shah Alam
|